Invariant means on topological groups and their applications
Saved in:
| Main Author: | |
|---|---|
| Format: | Book |
| Language: | English |
| Published: |
New York :
Van Nostrand Reinhold Company,
c1969.
|
| Series: | Van Nostrand mathematical studies ;
16 |
| Subjects: | |
| Tags: |
Add Tag
No Tags, Be the first to tag this record!
|
MARC
| LEADER | 00000nam a2200000 a 4500 | ||
|---|---|---|---|
| 001 | 1/127206 | ||
| 008 | 230905t1969####nyu| ||| |||| ||eng|| | ||
| 040 | |a GR-MyUa |b gre |c GR-MyUa |e AACR2 | ||
| 041 | 0 | |a eng | |
| 082 | 7 | |a 512.55 |2 (23) | |
| 100 | 1 | |a Greenleaf, Frederick P. | |
| 245 | 1 | 0 | |a Invariant means on topological groups and their applications / |c Frederick P. Greenleaf. |
| 260 | |a New York : |b Van Nostrand Reinhold Company, |c c1969. | ||
| 300 | |a viii, 113 σ. ; |c 21 εκ. | ||
| 490 | 1 | |a (Van Nostrand mathematical studies ; |v 16) | |
| 504 | |a Περιέχει βιβλιογραφικές αναφορές και ευρετήριο. | ||
| 650 | 0 | |a Topological groups. | |
| 830 | 0 | |a Van Nostrand mathematical studies ; |v 16 | |
| 852 | |a INST |b SAMOS |e 20230904 |h 512.55 GRE |p 005300047796 |q 005300047796 |t BK |y 0 | ||
| 970 | |a Φιλιππή |b Φάλη |z 05-09-2023 | ||